000 00339nam a2200145Ia 4500
008 210210b1969 xxu||||| |||| 00| 0 eng d
082 _a629.4 FAIM
100 _aFAIRLEY (Peter).
245 _aMan on the moon.
260 _aLondon
_bManflower book ltd
_c1969
300 _a237
650 _aMoon
690 _aAstronomy
906 _a027571
999 _c78856
_d78856